00447nam a2200181Ia 4500008004100000020001800041050001600059100001900075245002300094245002200117260001500139260001600154260000900170300001600179300002000195300001000215300004000225170918s9999 xx 000 0 und d a9789810940546 bL481wh 2016 aLee, Sophia N. aWhat things mean / cby Sophia N. Lee. aNew York : bScholastic, c2016 a133 pages : billustrations ; c18cm. eScholastic Asian book award winner.